Americkí Slováci a Slovensko 1880-1980
Saved in:
| Main Author: | |
|---|---|
| Format: | Book |
| Language: | Slovak |
| Published: |
Bratislava
Bradlo
1994
|
| Edition: | 1. vyd. |
| Series: | Edícia národnovzdelávacia
|
| Subjects: | |
| Tags: |
No Tags, Be the first to tag this record!
|
MARC
| LEADER | 00000nam a2200000 4500 | ||
|---|---|---|---|
| 001 | c019154 | ||
| 005 | 20221128072515.0 | ||
| 020 | |a 80-7127-040-7 | ||
| 041 | 0 | |a slo | |
| 044 | |a SK | ||
| 245 | 1 | 0 | |a Americkí Slováci a Slovensko |b 1880-1980 |c Imrich Minár |
| 250 | |a 1. vyd. | ||
| 264 | 1 | |a Bratislava |b Bradlo |c 1994 | |
| 300 | |a 217 s. | ||
| 490 | 1 | |a Edícia národnovzdelávacia | |
| 830 | 0 | |a Edícia národnovzdelávacia | |
| 610 | 2 | 0 | |a politika vnútorná |
| 610 | 2 | 0 | |a politika zahraničná |
| 610 | 2 | 0 | |a dejiny |
| 610 | 2 | 0 | |a menšiny národnostné |
| 610 | 2 | 0 | |a emigrácia |
| 610 | 2 | 0 | |a Slovensko |
| 610 | 2 | 0 | |a USA |
| 610 | 2 | 0 | |a 1880-1980 |
| 100 | 1 | |a Minár, Imrich | |